00956nam a22002417a 4500999001700000003000900017008004100026040007100067082001700138100002300155245007800178260003300256300004400289505011100333650002500444650001500469650002400484700002600508700004600534942001600580945002100596952009700617 c19857d19857AR-CdUCM190523b ||||| |||| 00| 0 spa d aMUNICIPALIDAD PROVINCIAL DEL CUSCOcBIBLIOTECA MUNICIPAL DEL CUSCO a535.1 /bT19 aTannenbaum, Beulah aLas maravillas de la luz :bsecretos de sus rayos visibles e invisibles / aBuenos Aires :bAcme,c1964. a176 páginas ;bIlustraciones,c19 cm. aContenido: El sol fabuloso -- Secretos del sol -- Rápido como el relámpago -- La gente cabeza abajo... aSistema solar926751 aLuz915838 aRefracción919998 aStillman, Myra929830 aScherotter, Gustav (ilustraciones)941513 2ddccLIBROS adavvd2019-05-23 002ddc4070aSCbSCcCARTd2019-05-23g30.00o535.1 / T19pSC0000001852r2019-05-23yLIBROS